Účtovanie odpisov v jednoduchom účtovníctve

Právne normy účtovania odpisov v jednoduchom účtovníctve. Účtovanie o uzávierkových operáciách. Praktický príklad.

Gespeichert in:
Bibliographische Detailangaben
1. Verfasser: Ninčáková, Božena
Format: Buchkapitel
Sprache:Slowakisch
Schlagworte:
Tags: Tag hinzufügen
Keine Tags, Fügen Sie das erste Tag hinzu!

MARC

LEADER 00000naa a2200000 4500
001 r039846
005 20231003083810.1
041 0 |a slo 
044 |a SK 
245 1 0 |a Účtovanie odpisov v jednoduchom účtovníctve  |c Božena Ninčáková 
520 |a Právne normy účtovania odpisov v jednoduchom účtovníctve. Účtovanie o uzávierkových operáciách. Praktický príklad. 
610 2 0 |a odpisy 
610 2 0 |a účtovanie 
610 2 0 |a účtovníctvo jednoduché 
610 2 0 |a normy právne 
610 2 0 |a operácie účtovné 
610 2 0 |a knihy účtovné 
610 2 0 |a uzávierky 
100 1 |a Ninčáková, Božena